000 00324nam a2200109Ia 4500
008 171204s9999 xx 000 0 und d
245 _aLarge Scale and Big Data: Processing and Management:
245 _cSherif Sakr
260 _c2014
650 _xDatabase Management
856 _uhttp://down.ebook777.com/050/1466581506.pdf
999 _c345890
_d345890